A trap for landlords (Record no. 74933)
[ view plain ]
| 000 -LEADER | |
|---|---|
| fixed length control field | 01113cab a2200241 4500 |
| 001 - CONTROL NUMBER | |
| control field | X129078 |
| 008 - FIXED-LENGTH DATA ELEMENTS--GENERAL INFORMATION | |
| fixed length control field | 050316n2005 000 0 eng u |
| 035 ## - SYSTEM CONTROL NUMBER | |
| System control number | (Sirsi) u129078 |
| 100 ## - MAIN ENTRY--PERSONAL NAME | |
| Personal name | Murdoch, S. |
| 245 #2 - TITLE STATEMENT | |
| Title | A trap for landlords |
| 260 ## - PUBLICATION, DISTRIBUTION, ETC. | |
| Date of publication, distribution, etc. | 2005 |
| 490 ## - SERIES STATEMENT | |
| Series statement | Estates Gazette |
| Volume/sequential designation | (0508) 26 February 2005, 189(1) |
| 520 ## - SUMMARY, ETC. | |
| Summary, etc. | Outlines the differences between landlord covenants and personal covenants. The Landlord and Tenant (Covenants) Act 1995 had reformed the legal rules governing the assignment of leases and reversions. Post-1995 leases cannot provide in advance for the landlord's liability on a landlord covenant to cease should the reversion be assigned and would be in contravention of the Act's anti-avoidance provisions. Refers to the case "Avonridge Property Co Ltd v Mashru" (Abs68361). |
| 590 ## - LOCAL NOTE (RLIN) | |
| Local note | ABS |
| 650 ## - SUBJECT ADDED ENTRY--TOPICAL TERM | |
| Topical term or geographic name entry element | COVENANTS |
| 650 ## - SUBJECT ADDED ENTRY--TOPICAL TERM | |
| Topical term or geographic name entry element | LANDLORDS CONVENANTS |
| 650 ## - SUBJECT ADDED ENTRY--TOPICAL TERM | |
| Topical term or geographic name entry element | PERSONAL COVENANTS |
| 650 ## - SUBJECT ADDED ENTRY--TOPICAL TERM | |
| Topical term or geographic name entry element | LANDLORD AND TENANT (COVENANTS) ACT 1995 |
| 650 ## - SUBJECT ADDED ENTRY--TOPICAL TERM | |
| Topical term or geographic name entry element | LEASES |
| 650 ## - SUBJECT ADDED ENTRY--TOPICAL TERM | |
| Topical term or geographic name entry element | AVONRIDGE PROPERTY CO LTD V MASHRU |
| 690 ## - LOCAL SUBJECT ADDED ENTRY--TOPICAL TERM (OCLC, RLIN) | |
| Topical term or geographic name as entry element | LANDLORD AND TENANT-LEASES |
| 942 ## - ADDED ENTRY ELEMENTS (KOHA) | |
| Suppress in OPAC | 0 |
| Withdrawn status | Lost status | Source of classification or shelving scheme | Damaged status | Not for loan | Home library | Current library | Shelving location | Date acquired | Total Checkouts | Full call number | Barcode | Date last seen | Copy number | Price effective from | Koha item type |
|---|---|---|---|---|---|---|---|---|---|---|---|---|---|---|---|
| Dewey Decimal Classification | London | London | Journal article | 16/03/2005 | X129078 | 129078-1001 | 06/08/2019 | 1 | 06/08/2019 | Journal article |